[Event "DEN-chT 1112 50th"]
[Site "Denmark"]
[Date "2012.01.14"]
[Round "4.4"]
[White "Kristensen, Leif"]
[Black "Ochsner, Bjorn Moller"]
[Result "1-0"]
[WhiteElo "2301"]
[BlackElo "2252"]
[PlyCount "105"]
[EventDate "2011.10.29"]
[EventType "team-tourn"]
[EventRounds "9"]
[EventCountry "DEN"]
[SourceTitle "EXT 2013"]
[Source "ChessBase"]
[SourceDate "2012.11.22"]
[SourceVersion "1"]
[SourceVersionDate "2012.11.22"]
[SourceQuality "1"]
[WhiteTeam "Nordea"]
[BlackTeam "Aarhus/Skolerne"]
[WhiteTeamCountry "DEN"]
[BlackTeamCountry "DEN"]

1. e4 c5 2. Nc3 d6 3. g3 g6 4. Bg2 Bg7 5. d3 Nc6 6. Be3 Rb8 7. Qd2 b5 8. Nge2 e6 9. 0-0 Nd4 10. Nd1 Nxe2+ 11. Qxe2 Ne7 12. Qd2 0-0 13. Bh6 Bb7 14. Bxg7 Kxg7 15. Re1 e5 16. c3 Qb6 17. a4 bxa4 18. Rxa4 Bc6 19. Ra2 Bd7 20. f4 Bg4 21. Ne3 Be6 22. Raa1 f6 23. f5 gxf5 24. Bh3 Qxb2 25. Qxb2 Rxb2 26. Rxa7 Rf7 27. exf5 Nc8 28. Ra6 Bd7 29. Bg2 Nb6 30. g4 Bc8 31. Raa1 Rd2 32. Be4 Bb7 33. Bxb7 Rxb7 34. Reb1 Rxd3 35. Nc4 Nxc4 36. Rxb7+ Kh6 37. h4 Rg3+ 38. Kh2 Rxg4 39. Kh3 Rg7 40. Raa7 Rxb7 41. Rxb7 Nd2 42. Rf7 Ne4 43. c4 Nf2+ 44. Kg3 Ne4+ 45. Kg4 Nd2 46. Rxf6+ Kg7 47. Rxd6 Nxc4 48. Rc6 Ne3+ 49. Kg5 c4 50. Rc7+ Kg8 51. h5 e4 52. h6 Kf8 53. Rxh7 1-0

[Event "DEN-chT 9798"]
[Site "Denmark"]
[Date "1998.03.14"]
[Round "6.4"]
[White "Hartung Nielsen, Jens"]
[Black "Kristensen, Leif"]
[Result "1/2-1/2"]
[WhiteElo "2245"]
[BlackElo "2375"]
[PlyCount "94"]
[EventDate "1997.11.02"]
[EventType "team-tourn"]
[EventRounds "7"]
[EventCountry "DEN"]
[SourceTitle "EXT 2023"]
[Source "ChessBase"]
[SourceDate "2022.10.05"]
[SourceVersion "1"]
[SourceVersionDate "2022.10.05"]
[SourceQuality "1"]
[WhiteTeam "Nykobing Falster"]
[BlackTeam "Gistrup"]
[WhiteTeamCountry "DEN"]
[BlackTeamCountry "DEN"]

1. d4 g6 2. Nf3 Bg7 3. c4 Nf6 4. Nc3 0-0 5. Bg5 h6 6. Bh4 c5 7. d5 d6 8. e3 Qa5 9. Nd2 Bd7 10. Be2 Na6 11. 0-0 Rab8 12. Qc2 b5 13. cxb5 Nb4 14. Qb3 Nbxd5 15. Nxd5 Qxd2 16. Bxf6 exf6 17. Nc3 Be6 18. Qa3 Qc2 19. Rfd1 c4 20. Rac1 Qf5 21. Qxd6 Rfc8 22. Bf3 Bf8 23. Qa6 Qc5 24. Rd2 f5 25. Rcd1 Bg7 26. Bb7 Rf8 27. Bc6 Bxc3 28. bxc3 Rb6 29. Qa4 a6 30. Rd8 Rxd8 31. Rxd8+ Kg7 32. Qd1 axb5 33. Bd5 Qe7 34. Bxe6 Qxe6 35. Qd4+ Qf6 36. Kf1 Ra6 37. Qxf6+ Kxf6 38. Rd2 Ra3 39. Rc2 Ke5 40. Ke2 Kd5 41. Kd2 Kc5 42. Rb2 Ra6 43. Kc1 g5 44. Rd2 Ra3 45. Kb2 b4 46. cxb4+ Kxb4 47. Rd4 Ra6 1/2-1/2

[Event "Esbjerg"]
[Site "Esbjerg"]
[Date "1996.??.??"]
[Round "3"]
[White "Kristensen, Leif"]
[Black "Fries Nielsen, Jens Ove"]
[Result "1/2-1/2"]
[WhiteElo "2360"]
[BlackElo "2420"]
[PlyCount "27"]
[EventDate "1996.??.??"]
[EventType "tourn"]
[EventRounds "9"]
[EventCountry "DEN"]
[SourceTitle "EXT 1998"]
[Source "ChessBase"]
[SourceDate "1997.11.17"]
[SourceVersion "1"]
[SourceVersionDate "1997.11.17"]
[SourceQuality "1"]

1. e4 e6 2. d4 d5 3. Nd2 c5 4. exd5 Qxd5 5. Ngf3 cxd4 6. Bc4 Qd6 7. 0-0 Nf6 8. Nb3 Nc6 9. Nbxd4 Nxd4 10. Nxd4 a6 11. c3 Qc7 12. Bb3 Bd6 13. h3 0-0 14. Re1 1/2-1/2

[Event "Esbjerg"]
[Site "Esbjerg"]
[Date "1996.??.??"]
[Round "9"]
[White "Kristensen, Leif"]
[Black "Rodgaard, John"]
[Result "1/2-1/2"]
[WhiteElo "2360"]
[BlackElo "2375"]
[PlyCount "36"]
[EventDate "1996.??.??"]
[EventType "tourn"]
[EventRounds "9"]
[EventCountry "DEN"]
[SourceTitle "EXT 1998"]
[Source "ChessBase"]
[SourceDate "1997.11.17"]
[SourceVersion "1"]
[SourceVersionDate "1997.11.17"]
[SourceQuality "1"]

1. e4 e6 2. d4 d5 3. Nd2 Nf6 4. e5 Nfd7 5. Bd3 c5 6. c3 Nc6 7. Ne2 cxd4 8. cxd4 f6 9. exf6 Nxf6 10. Nf3 Bd6 11. 0-0 Qc7 12. Bg5 0-0 13. Rc1 Bd7 14. Bh4 Qb6 15. Qd2 e5 16. dxe5 Nxe5 17. Nxe5 Bxe5 18. Bg3 Bxg3 1/2-1/2

[Event "Esbjerg"]
[Site "Esbjerg"]
[Date "1996.??.??"]
[Round "1"]
[White "Pedersen, Hans"]
[Black "Kristensen, Leif"]
[Result "1-0"]
[WhiteElo "2230"]
[BlackElo "2360"]
[PlyCount "83"]
[EventDate "1996.??.??"]
[EventType "tourn"]
[EventRounds "9"]
[EventCountry "DEN"]
[SourceTitle "EXT 1998"]
[Source "ChessBase"]
[SourceDate "1997.11.17"]
[SourceVersion "1"]
[SourceVersionDate "1997.11.17"]
[SourceQuality "1"]

1. d4 Nf6 2. c4 c5 3. d5 b5 4. cxb5 a6 5. b6 Qxb6 6. Nc3 g6 7. e4 d6 8. Nf3 Bg7 9. Be2 0-0 10. 0-0 Ne8 11. Nd2 Nd7 12. Nc4 Qc7 13. Na4 e6 14. Bd2 exd5 15. Ba5 Qb8 16. exd5 Ra7 17. Rc1 Rb7 18. Bd2 Rb5 19. b3 Bb7 20. Nc3 Qa8 21. Nxb5 axb5 22. Ne3 Nc7 23. Bc3 Bxc3 24. Rxc3 Qxa2 25. Bg4 Nf6 26. Bf3 b4 27. Rc1 Qa8 28. Ra1 Qb8 29. Ra5 Ba8 30. Qa1 Qd8 31. Ra7 Nb5 32. Rxa8 Qxa8 33. Qxf6 Nd4 34. Ng4 h5 35. Ne3 Nxb3 36. Bxh5 Nd2 37. Nf5 gxf5 38. Qg5+ Kh7 39. Qxd2 b3 40. Qd3 b2 41. Qxf5+ Kh6 42. Bxf7 1-0

[Event "Esbjerg"]
[Site "Esbjerg"]
[Date "1996.??.??"]
[Round "4"]
[White "Rewitz, Poul"]
[Black "Kristensen, Leif"]
[Result "0-1"]
[WhiteElo "2305"]
[BlackElo "2360"]
[PlyCount "118"]
[EventDate "1996.??.??"]
[EventType "tourn"]
[EventRounds "9"]
[EventCountry "DEN"]
[SourceTitle "EXT 1998"]
[Source "ChessBase"]
[SourceDate "1997.11.17"]
[SourceVersion "1"]
[SourceVersionDate "1997.11.17"]
[SourceQuality "1"]

1. e4 g6 2. d4 Bg7 3. Nc3 d6 4. Be3 c6 5. Qd2 b5 6. f3 Nd7 7. g4 Nb6 8. b3 h5 9. g5 Qc7 10. a4 b4 11. Nd1 a5 12. Rc1 e6 13. Bd3 Ne7 14. Qf2 0-0 15. Ne2 d5 16. 0-0 Nd7 17. Bf4 Qb6 18. Bd6 Re8 19. e5 Ba6 20. Bxe7 Rxe7 21. f4 c5 22. Nb2 Ree8 23. Ng3 cxd4 24. Qe2 Rec8 25. Rf2 Rc3 26. Rd1 Bxd3 27. Nxd3 Rac8 28. Rd2 Nc5 29. Nxc5 Qxc5 30. Kf1 d3 31. Rxd3 Rxc2 32. Qxc2 Qxc2 33. Rxc2 Rxc2 34. Ne2 Bf8 35. Ke1 Rb2 36. h3 Bc5 37. Kd1 Kf8 38. Nc1 Rh2 39. Ne2 Ke7 40. Ke1 Kd7 41. Kd2 Kc6 42. Ke1 Bf2+ 43. Kf1 Bc5 44. Ke1 Rh1+ 45. Kd2 Bf2 46. Rf3 Rh2 47. Kd3 Kc5 48. Nc1 Be1 49. Ne2 d4 50. Nc1 Kd5 51. Ne2 h4 52. f5 gxf5 53. g6 fxg6 54. Nf4+ Kxe5 55. Nxg6+ Kf6 56. Nf8 e5 57. Nd7+ Ke6 58. Nc5+ Kd5 59. Rxf5 Rd2# 0-1

[Event "DEN-chT 9394"]
[Site "Denmark"]
[Date "1994.??.??"]
[Round "5"]
[White "Kristensen, Leif"]
[Black "Borge, Nikolaj"]
[Result "0-1"]
[WhiteElo "2310"]
[BlackElo "2410"]
[PlyCount "77"]
[EventDate "1993.11.??"]
[EventType "team-tourn"]
[EventRounds "7"]
[EventCountry "DEN"]
[SourceTitle "EXT 2000"]
[Source "ChessBase"]
[SourceDate "1999.11.16"]
[SourceVersion "1"]
[SourceVersionDate "1999.11.16"]
[SourceQuality "1"]

1. e4 c5 2. Nf3 d6 3. c3 Nf6 4. Be2 g6 5. 0-0 Bg7 6. Re1 0-0 7. Bf1 Nc6 8. h3 e5 9. d3 d5 10. Nbd2 d4 11. cxd4 cxd4 12. b4 a6 13. Nc4 Qc7 14. a4 Be6 15. Bd2 Bxc4 16. dxc4 a5 17. b5 Nb4 18. Qb3 Qc5 19. Bxb4 axb4 20. a5 Ra7 21. Qb1 Bh6 22. Re2 Rfa8 23. Rea2 b3 24. Ra4 b2 25. R1a2 Bc1 26. Ne1 Qe7 27. g3 Kg7 28. Kg2 Nd7 29. Nd3 Nb6 30. Rb4 Rxa5 31. Rxa5 Rxa5 32. Qc2 Ra3 33. c5 Rc3 34. Qb1 Rxc5 35. Nxc5 Qxc5 36. Rb3 Nc4 37. Qd3 Na5 38. Kf3 f5 39. exf5 0-1

[Event "DEN-chT 9495"]
[Site "Denmark"]
[Date "1994.??.??"]
[Round "1"]
[White "Kristensen, Leif"]
[Black "Pedersen, Nicolai Vesterbaek"]
[Result "1-0"]
[WhiteElo "2340"]
[BlackElo "2310"]
[PlyCount "32"]
[EventDate "1994.11.??"]
[EventType "team-tourn"]
[EventRounds "7"]
[EventCountry "DEN"]
[SourceTitle "EXT 1999"]
[Source "ChessBase"]
[SourceDate "1998.11.16"]
[SourceVersion "1"]
[SourceVersionDate "1998.11.16"]
[SourceQuality "1"]

1. e4 e5 2. Nc3 Nf6 3. g3 c6 4. d4 Bb4 5. dxe5 Nxe4 6. Qd4 Qa5 7. Nge2 Nxc3 8. Nxc3 0-0 9. Bd2 Re8 10. 0-0-0 Rxe5 11. a3 Bxa3 12. Nb1 Qc5 13. Bc3 Qxd4 14. Bxd4 Bd6 15. Bxe5 Bxe5 16. Re1 d6 1-0

[Event "Aarhus"]
[Site "Aarhus"]
[Date "1994.??.??"]
[Round "6"]
[White "Kristensen, Leif"]
[Black "Stanke, Juergen"]
[Result "1/2-1/2"]
[WhiteElo "2340"]
[BlackElo "2300"]
[PlyCount "120"]
[EventDate "1994.??.??"]
[EventType "tourn"]
[EventRounds "9"]
[EventCountry "DEN"]
[EventCategory "4"]
[SourceTitle "EXT 1998"]
[Source "ChessBase"]
[SourceDate "1997.11.17"]
[SourceVersion "1"]
[SourceVersionDate "1997.11.17"]
[SourceQuality "1"]

1. e4 c5 2. c3 d5 3. exd5 Qxd5 4. d4 Nc6 5. Nf3 cxd4 6. cxd4 e5 7. Nc3 Bb4 8. Be2 exd4 9. 0-0 Qd7 10. Nb5 Nge7 11. Nbxd4 0-0 12. a3 Nxd4 13. Nxd4 Bc5 14. Nb3 Bb6 15. Bg5 Nc6 16. Rc1 Qf5 17. Bh4 Be6 18. Rc3 Rfe8 19. Bf3 Bxb3 20. Rxb3 Nd4 21. Bg4 Qd5 22. Rd3 f5 23. Bh5 Re4 24. Bf3 Nxf3+ 25. Qxf3 Qe6 26. Bg5 Re8 27. Be3 Bxe3 28. Rxe3 Rxe3 29. fxe3 g6 30. Rc1 Qxe3+ 31. Qxe3 Rxe3 32. Kf2 Rb3 33. Rc2 Kf7 34. Ke2 Ke6 35. Kd1 Rd3+ 36. Ke2 Rb3 37. Kd1 h5 38. Re2+ Kf6 39. Kc2 Rb6 40. b4 Rd6 41. a4 Rd7 42. Kc3 f4 43. a5 Kf5 44. b5 g5 45. Re8 Rf7 46. Ra8 g4 47. Kd3 Re7 48. Rxa7 f3 49. gxf3 gxf3 50. Ra8 Kf4 51. Rf8+ Kg4 52. a6 bxa6 53. bxa6 h4 54. Kd4 Ra7 55. Rf6 f2 56. Rxf2 Rxa6 57. Ke3 Re6+ 58. Kd2 Kh3 59. Kd1 Rg6 60. Ke2 Rg1 1/2-1/2

[Event "Aarhus"]
[Site "Aarhus"]
[Date "1994.??.??"]
[Round "4"]
[White "Pedersen, Daniel Vesterbaek"]
[Black "Kristensen, Leif"]
[Result "1/2-1/2"]
[WhiteElo "2230"]
[BlackElo "2340"]
[PlyCount "83"]
[EventDate "1994.??.??"]
[EventType "tourn"]
[EventRounds "9"]
[EventCountry "DEN"]
[EventCategory "4"]
[SourceTitle "EXT 1998"]
[Source "ChessBase"]
[SourceDate "1997.11.17"]
[SourceVersion "1"]
[SourceVersionDate "1997.11.17"]
[SourceQuality "1"]

1. e4 g6 2. d4 Bg7 3. Nf3 d6 4. Bc4 c6 5. Bb3 Nf6 6. Qe2 e5 7. dxe5 dxe5 8. Qc4 0-0 9. Nxe5 Be6 10. Qd3 Bxb3 11. axb3 Qxd3 12. Nxd3 Nxe4 13. Be3 Re8 14. 0-0 Na6 15. Re1 Nd6 16. Nc3 Nf5 17. Bd2 Nd4 18. Rac1 Rxe1+ 19. Nxe1 Nb4 20. Kf1 Re8 21. Be3 b6 22. Bxd4 Bxd4 23. Rd1 c5 24. Nb5 Bxb2 25. Nxa7 Bc3 26. Nf3 Bg7 27. c4 h6 28. Rd6 Ra8 29. Rd7 g5 30. Rc7 g4 31. Nd2 Kh7 32. Rxf7 Re8 33. Nb5 Nd3 34. g3 Kg6 35. Nd6 Re1+ 36. Kg2 Rd1 37. N2e4 h5 38. Rd7 Bd4 39. Re7 Be5 40. Rd7 Bd4 41. Re7 Ra1 42. Re6+ 1/2-1/2

[Event "Aarhus"]
[Site "Aarhus"]
[Date "1994.??.??"]
[Round "7"]
[White "Turner, Matthew"]
[Black "Kristensen, Leif"]
[Result "1-0"]
[WhiteElo "2395"]
[BlackElo "2340"]
[PlyCount "79"]
[EventDate "1994.??.??"]
[EventType "tourn"]
[EventRounds "9"]
[EventCountry "DEN"]
[EventCategory "4"]
[SourceTitle "EXT 1998"]
[Source "ChessBase"]
[SourceDate "1997.11.17"]
[SourceVersion "1"]
[SourceVersionDate "1997.11.17"]
[SourceQuality "1"]

1. c4 g6 2. Nc3 Bg7 3. g3 d6 4. Bg2 Nc6 5. e3 e5 6. Nge2 f5 7. d3 Nf6 8. 0-0 0-0 9. Rb1 a5 10. a3 Nh5 11. f4 Be6 12. b4 axb4 13. axb4 Rb8 14. b5 Ne7 15. Nd5 Nf6 16. Qb3 Nd7 17. Ba3 c5 18. fxe5 Nxe5 19. d4 Nd7 20. Nef4 Bf7 21. Rbd1 Re8 22. dxc5 dxc5 23. Bb2 Nxd5 24. Nxd5 Ne5 25. e4 Be6 26. exf5 Bxf5 27. Ne3 Bd7 28. Nd5 Bf5 29. Rfe1 Bg4 30. Ra1 Qg5 31. Re3 Bd7 32. Rae1 Ng4 33. Bxg7 Rxe3 34. Rxe3 Kxg7 35. Re7+ Kh6 36. Qc3 Rg8 37. Rxd7 Qf5 38. Qc1+ g5 39. Rd6+ Kh5 40. h3 1-0

[Event "DEN-chT 9394"]
[Site "Denmark"]
[Date "1993.??.??"]
[Round "3"]
[White "Kristensen, Leif"]
[Black "Danielsen, Henrik"]
[Result "1/2-1/2"]
[WhiteElo "2310"]
[BlackElo "2445"]
[PlyCount "131"]
[EventDate "1993.11.??"]
[EventType "team-tourn"]
[EventRounds "7"]
[EventCountry "DEN"]
[SourceTitle "EXT 2000"]
[Source "ChessBase"]
[SourceDate "1999.11.16"]
[SourceVersion "1"]
[SourceVersionDate "1999.11.16"]
[SourceQuality "1"]

1. e4 c6 2. d4 d5 3. Nc3 dxe4 4. Nxe4 Bf5 5. Ng3 Bg6 6. h4 h6 7. Nf3 Nd7 8. h5 Bh7 9. Bd3 Bxd3 10. Qxd3 e6 11. Bf4 Qa5+ 12. Bd2 Qc7 13. 0-0-0 0-0-0 14. Ne4 Ngf6 15. g3 Nxe4 16. Qxe4 Bd6 17. c4 Nf6 18. Qe2 c5 19. Bc3 cxd4 20. Nxd4 a6 21. Nf3 Rd7 22. Ne5 Bxe5 23. Bxe5 Qa5 24. Bxf6 Rxd1+ 25. Rxd1 gxf6 26. a3 Rg8 27. Kb1 Qe5 28. Qd2 Qxh5 29. c5 Qe5 30. c6 Kb8 31. cxb7 Qe4+ 32. Ka1 Qxb7 33. Qf4+ Ka8 34. Qxf6 Rb8 35. Rd6 h5 36. Qd4 Rc8 37. Rb6 Rc1+ 38. Ka2 Qc8 39. Rd6 Qb7 40. Rb6 Qc8 41. Rd6 Qb7 42. Qd3 Rc6 43. Rd7 Rc7 44. Rxc7 Qxc7 45. Qxa6+ Kb8 46. a4 e5 47. Qd3 f6 48. b4 f5 49. Kb3 f4 50. a5 e4 51. Qxe4 fxg3 52. fxg3 Qxg3+ 53. Ka4 Qg4 54. Qd5 Qe2 55. Qd6+ Kb7 56. Qd7+ Kb8 57. Qd8+ Kb7 58. Qb6+ Ka8 59. Qc6+ Ka7 60. Qc5+ Kb7 61. Qd5+ Ka7 62. Kb3 Qe3+ 63. Kc4 Qc1+ 64. Kb5 Qf1+ 65. Kc5 Qc1+ 66. Kb5 1/2-1/2

[Event "DEN-chB"]
[Site "Tonder"]
[Date "1993.??.??"]
[Round "6"]
[White "Kristensen, Leif"]
[Black "Jelling, Erik"]
[Result "0-1"]
[WhiteElo "2310"]
[BlackElo "2400"]
[PlyCount "90"]
[EventDate "1993.??.??"]
[EventType "swiss"]
[EventRounds "7"]
[EventCountry "DEN"]
[SourceTitle "EXT 2000"]
[Source "ChessBase"]
[SourceDate "1999.11.16"]
[SourceVersion "1"]
[SourceVersionDate "1999.11.16"]
[SourceQuality "1"]

1. e4 c6 2. d4 d5 3. e5 Bf5 4. c4 e6 5. Nc3 Ne7 6. Nge2 dxc4 7. Ng3 Bg6 8. Bxc4 Nd7 9. 0-0 Nb6 10. Bb3 Ned5 11. Nce4 Be7 12. h4 h5 13. Bg5 f6 14. Bd2 Qc7 15. a4 Nd7 16. Re1 0-0-0 17. Rc1 Bxe4 18. Nxe4 fxe5 19. Ng5 Bxg5 20. Bxg5 Rdf8 21. Rc2 Qb6 22. Bxd5 exd5 23. dxe5 Qb4 24. Re3 Qxa4 25. Qd3 Re8 26. e6 Nf6 27. Bxf6 gxf6 28. Qf5 Rhg8 29. g3 Kb8 30. e7 Qg4 31. Qd3 f5 32. Rce2 f4 33. Rf3 fxg3 34. fxg3 Qxh4 35. Qe3 Qg4 36. Qe5+ Kc8 37. Rc3 h4 38. Rec2 Qd7 39. Re2 hxg3 40. Kg2 Qc7 41. Qe6+ Qd7 42. Qf7 d4 43. Rf3 d3 44. Qxg8 dxe2 45. Rf8 e1Q 0-1

[Event "Aarhus"]
[Site "Aarhus"]
[Date "1993.??.??"]
[Round "1"]
[White "Steckner, Johannes"]
[Black "Kristensen, Leif"]
[Result "0-1"]
[WhiteElo "2310"]
[BlackElo "2310"]
[PlyCount "74"]
[EventDate "1993.01.??"]
[EventType "tourn"]
[EventRounds "9"]
[EventCountry "DEN"]
[EventCategory "9"]
[SourceTitle "EXT 1998"]
[Source "ChessBase"]
[SourceDate "1997.11.17"]
[SourceVersion "1"]
[SourceVersionDate "1997.11.17"]
[SourceQuality "1"]

1. d4 Nf6 2. c4 g6 3. g3 Bg7 4. Bg2 0-0 5. Nc3 d6 6. Nf3 Nc6 7. d5 Na5 8. b3 c5 9. Bd2 a6 10. 0-0 b5 11. cxb5 axb5 12. Nxb5 Nxd5 13. Ng5 Bb7 14. Rb1 Qb6 15. a4 Nc7 16. b4 Bxg2 17. bxa5 Qc6 18. Re1 Bd5 19. e4 Bc4 20. Nxc7 Qxc7 21. Qc2 Ba6 22. Rb6 Bb7 23. Qc4 Bc6 24. Reb1 h6 25. Nh3 e5 26. Kg2 Rad8 27. f3 Ba8 28. Be3 Kh7 29. Nf2 f5 30. a6 fxe4 31. fxe4 d5 32. Qxc5 Qf7 33. Qa3 d4 34. Bxd4 exd4 35. R1b2 Bxe4+ 36. Kg1 d3 37. Rd2 Qf3 0-1

[Event "Aarhus"]
[Site "Aarhus"]
[Date "1992.??.??"]
[Round "6"]
[White "Alkaersig, Ole"]
[Black "Kristensen, Leif"]
[Result "0-1"]
[WhiteElo "2260"]
[BlackElo "2275"]
[PlyCount "68"]
[EventDate "1992.??.??"]
[EventType "tourn"]
[EventRounds "9"]
[EventCountry "DEN"]
[EventCategory "3"]
[SourceTitle "EXT 1998"]
[Source "ChessBase"]
[SourceDate "1997.11.17"]
[SourceVersion "1"]
[SourceVersionDate "1997.11.17"]
[SourceQuality "1"]

1. e4 d5 2. exd5 Qxd5 3. Nc3 Qa5 4. d4 Nf6 5. Nf3 Nc6 6. Bb5 Bd7 7. 0-0 0-0-0 8. Qe2 a6 9. Bxc6 Bxc6 10. Ne5 Be8 11. Rd1 e6 12. a3 Nd5 13. Nxd5 exd5 14. Bf4 f6 15. Nd3 Qb6 16. c3 h5 17. Re1 g5 18. Bd2 Bg6 19. Nc5 Bxc5 20. dxc5 Qxb2 21. Qe6+ Kb8 22. Qxf6 Qxd2 23. Qxg6 Rhf8 24. Rf1 Qxc3 25. Qxg5 Qxc5 26. Qxh5 Qd6 27. Qe2 d4 28. Qd3 Rh8 29. g3 Qd5 30. f4 c5 31. Rfc1 Rxh2 32. Kxh2 Rh8+ 33. Kg1 Qh1+ 34. Kf2 Rh2# 0-1

[Event "Aarhus"]
[Site "Aarhus"]
[Date "1992.??.??"]
[Round "2"]
[White "Kristensen, Leif"]
[Black "Sobjerg, Erik"]
[Result "1/2-1/2"]
[WhiteElo "2275"]
[BlackElo "2320"]
[PlyCount "20"]
[EventDate "1992.??.??"]
[EventType "tourn"]
[EventRounds "9"]
[EventCountry "DEN"]
[EventCategory "3"]
[SourceTitle "EXT 1998"]
[Source "ChessBase"]
[SourceDate "1997.11.17"]
[SourceVersion "1"]
[SourceVersionDate "1997.11.17"]
[SourceQuality "1"]

1. e4 e5 2. Nc3 Nf6 3. g3 d5 4. exd5 Bc5 5. Bg2 c6 6. d3 cxd5 7. Nf3 Nc6 8. Bg5 Be6 9. 0-0 h6 10. Bc1 Bd6 1/2-1/2

[Event "DEN-chT 9192"]
[Site "Denmark"]
[Date "1991.??.??"]
[Round "3"]
[White "Berg, Klaus"]
[Black "Kristensen, Leif"]
[Result "1/2-1/2"]
[WhiteElo "2420"]
[BlackElo "2275"]
[PlyCount "52"]
[EventDate "1991.??.??"]
[EventType "team"]
[EventRounds "7"]
[EventCountry "DEN"]
[SourceTitle "EXT 2000"]
[Source "ChessBase"]
[SourceDate "1999.11.16"]
[SourceVersion "1"]
[SourceVersionDate "1999.11.16"]
[SourceQuality "1"]

1. d4 Nf6 2. Nf3 g6 3. c4 Bg7 4. Nc3 0-0 5. e4 d6 6. Be2 e5 7. 0-0 Nc6 8. d5 Ne7 9. Nd2 a5 10. a3 c6 11. Rb1 b5 12. b4 axb4 13. axb4 bxc4 14. dxc6 Nxc6 15. Nxc4 Nd4 16. Bg5 Be6 17. Ne3 Qc7 18. Ncd5 Bxd5 19. Nxd5 Nxd5 20. exd5 Ra2 21. Re1 Rc8 22. Bf1 Qb7 23. Be3 Qxd5 24. Bxd4 exd4 25. b5 d3 26. Bxd3 Bd4 1/2-1/2

[Event "DEN-chT 9192"]
[Site "Denmark"]
[Date "1991.??.??"]
[Round "7"]
[White "Borge, Nikolaj"]
[Black "Kristensen, Leif"]
[Result "1-0"]
[WhiteElo "2300"]
[BlackElo "2275"]
[PlyCount "55"]
[EventDate "1991.??.??"]
[EventType "team"]
[EventRounds "7"]
[EventCountry "DEN"]
[SourceTitle "EXT 2000"]
[Source "ChessBase"]
[SourceDate "1999.11.16"]
[SourceVersion "1"]
[SourceVersionDate "1999.11.16"]
[SourceQuality "1"]

1. e4 d5 2. exd5 Qxd5 3. d4 Nf6 4. c4 Qd6 5. Nc3 c6 6. Nf3 g6 7. h3 Bg7 8. Bd3 0-0 9. 0-0 Na6 10. Be3 Nc7 11. Qd2 Ne6 12. Rad1 Rd8 13. Bc2 Qb4 14. Ne5 Bd7 15. a3 Qd6 16. f4 Qc7 17. d5 Nf8 18. Bc5 Be8 19. d6 exd6 20. Bxd6 Rxd6 21. Qxd6 Qb6+ 22. Rf2 Qxb2 23. Na4 Qa2 24. Qb4 b5 25. Bb1 c5 26. Nxc5 a5 27. Qc3 b4 28. axb4 1-0

[Event "DEN-chT 9091"]
[Site "Denmark"]
[Date "1991.??.??"]
[Round "4"]
[White "Kristensen, Leif"]
[Black "Andreasen, Per Naesby"]
[Result "1/2-1/2"]
[WhiteElo "2275"]
[BlackElo "2275"]
[PlyCount "58"]
[EventDate "1990.??.??"]
[EventType "team"]
[EventRounds "7"]
[EventCountry "DEN"]
[SourceTitle "EXT 2002"]
[Source "ChessBase"]
[SourceDate "2001.11.25"]
[SourceVersion "1"]
[SourceVersionDate "2001.11.25"]
[SourceQuality "1"]

1. e4 e6 2. d4 d5 3. Nd2 dxe4 4. Nxe4 Bd7 5. Nf3 Bc6 6. Bd3 Bxe4 7. Bxe4 c6 8. c3 Nf6 9. Bc2 Nbd7 10. Qe2 Be7 11. 0-0 0-0 12. Bg5 Qb6 13. Rad1 Rad8 14. c4 Rfe8 15. Ne5 Nxe5 16. dxe5 Nd7 17. Bxe7 Rxe7 18. Rd6 Nf8 19. c5 Qc7 20. Rfd1 Red7 21. b4 a5 22. a3 g6 23. g3 axb4 24. axb4 Ra8 25. Qd2 Re7 26. Be4 Ree8 27. Qd4 Kg7 28. b5 cxb5 29. c6 Ra4 1/2-1/2

[Event "DEN-chT 9192"]
[Site "Denmark"]
[Date "1991.??.??"]
[Round "6"]
[White "Kristensen, Leif"]
[Black "Brautsch, Soren"]
[Result "1-0"]
[WhiteElo "2275"]
[BlackElo "2230"]
[PlyCount "77"]
[EventDate "1991.??.??"]
[EventType "team"]
[EventRounds "7"]
[EventCountry "DEN"]
[SourceTitle "EXT 2000"]
[Source "ChessBase"]
[SourceDate "1999.11.16"]
[SourceVersion "1"]
[SourceVersionDate "1999.11.16"]
[SourceQuality "1"]

1. e4 Nf6 2. e5 Nd5 3. c4 Nb6 4. b3 g6 5. Bb2 Bg7 6. d4 0-0 7. Be2 d6 8. exd6 exd6 9. Nf3 c5 10. Qd2 Re8 11. 0-0 Nc6 12. d5 Bxb2 13. Qxb2 Ne5 14. Nxe5 Rxe5 15. f4 Re3 16. Qd2 Qe7 17. Bd3 Bg4 18. Nc3 Re8 19. Be4 Rxc3 20. Qxc3 Be2 21. Rf2 Bxc4 22. bxc4 Qxe4 23. Rc1 Qf5 24. Qf3 h5 25. Re2 Rxe2 26. Qxe2 Qxf4 27. Qe8+ Kg7 28. Rf1 Qd4+ 29. Kh1 f5 30. Qe7+ Kh6 31. Qxd6 Qxc4 32. Rd1 Qe2 33. Rg1 Qxa2 34. Qf8+ Kg5 35. Qe7+ Kh6 36. d6 Qd2 37. h4 Qf2 38. Rd1 Qc2 39. Re1 1-0